The study on the surviv Al of spermatozoa of Pig species DV within tow kinds of Solution in VBC center; ការសិក្សាពីការរស់រានមានជីវិតរបស់ស្ពែម៉ាតូសូអ៊ីតជ្រូកពូជ DV ក្នុងល្បាយរាវពីរល្បាយរាវពីរប្រភេទនៅមជ្ឈមណ្ឌល វី.ប៊ី.ស៊ី (Record no. 11002)

000 -LEADER
fixed length control field 00747nam a22001337a 4500
040 ## - CATALOGING SOURCE
Transcribing agency RUA
082 ## - DEWEY DECIMAL CLASSIFICATION NUMBER
Classification number ANS PHO 2015 B543 Or.1
100 ## - MAIN ENTRY--AUTHOR NAME
Personal name PHOEUN SOPHORN; ភឿន សុភ័ន
245 ## - TITLE STATEMENT
Title The study on the surviv Al of spermatozoa of Pig species DV within tow kinds of Solution in VBC center; ការសិក្សាពីការរស់រានមានជីវិតរបស់ស្ពែម៉ាតូសូអ៊ីតជ្រូកពូជ DV ក្នុងល្បាយរាវពីរល្បាយរាវពីរប្រភេទនៅមជ្ឈមណ្ឌល វី.ប៊ី.ស៊ី
260 ## - PUBLICATION, DISTRIBUTION, ETC. (IMPRINT)
Place of publication Phnom Penh
Name of publisher RUA
Year of publication 2015
300 ## - PHYSICAL DESCRIPTION
Number of Pages x;35p;
Other physical details ill;
Dimensions 29cm;
856 ## - ELECTRONIC LOCATION AND ACCESS
Uniform Resource Identifier PHOEUN SOPHORN
942 ## - ADDED ENTRY ELEMENTS (KOHA)
Koha item type ANS
952 ## - LOCATION AND ITEM INFORMATION (KOHA)
Withdrawn status [LOCAL, KOHA] 0
952 ## - LOCATION AND ITEM INFORMATION (KOHA)
Withdrawn status [LOCAL, KOHA] 0
952 ## - LOCATION AND ITEM INFORMATION (KOHA)
Withdrawn status [LOCAL, KOHA] 0
952 ## - LOCATION AND ITEM INFORMATION (KOHA)
Withdrawn status [LOCAL, KOHA] 0
952 ## - LOCATION AND ITEM INFORMATION (KOHA)
Withdrawn status [LOCAL, KOHA] 0
952 ## - LOCATION AND ITEM INFORMATION (KOHA)
Withdrawn status [LOCAL, KOHA] 0
952 ## - LOCATION AND ITEM INFORMATION (KOHA)
Withdrawn status [LOCAL, KOHA] 0
952 ## - LOCATION AND ITEM INFORMATION (KOHA)
Withdrawn status [LOCAL, KOHA] 0
952 ## - LOCATION AND ITEM INFORMATION (KOHA)
Withdrawn status [LOCAL, KOHA] 0
Holdings
Permanent Location Date acquired Koha item type Lost status Shelving location Barcode Current Location Full call number
Library Block B2016-11-29ANS B543A01416Library Block BANS PHO 2015 B543 Or.1
Library Block B2016-11-29ANS B543A00184Library Block BANS PHO 2015 B543 Or.2
Library Block B2016-11-29ANS B543A02651Library Block BANS PHO 2015 B543 Or.3
Library Block B2016-11-29ANS B543A01665Library Block BANS PHO 2015 B543 Or.4
Library Block B2016-11-29ANS B543A02187Library Block BANS PHO 2015 B543 Or.5
Library Block B2016-11-29ANS B543A02542Library Block BANS PHO 2015 B543 Or.6
Library Block B2016-11-29ANS B543A02316Library Block BANS PHO 2015 B543 Or.7
Library Block B2021-12-08ANS B479a065835Library Block BANS PHO 2015 B479 Or.1
Library Block B2021-12-08ANS B479a067486Library Block BANS PHO 2015 B479 Or.1
មជ្ឈមណ្ឌលឯការនៃសាកលវិទ្យាល័យភូមិន្ទកសិកម្មចំការដូង

Powered by Koha